000 00685nam a2200253Ia 4500
008 190123s9999 xx 000 0 und d
020 _a9780545258432
050 _bH364 2009
100 _aHatkoff, Juliana
245 0 _aWinter's tail :
245 0 _bhow one little dolphin learned to swim again /
245 0 _cby Juliana Hatkoff, Isabella Hatkoff and Craig Hatkoff.
260 _aNew York, New York :
260 _bScholastic,
260 _c2009
300 _aunpaged :
300 _bcolored illustrations ;
300 _c22cm.
500 _a930L
650 _aArtificial limbs.
700 _aHatkoff, Craig.
700 _aHatkoff, Isabella.
700 _aTitle.
999 _c361105
_d361105